A Handbook of time-series analysis (Record no. 12419)

MARC details
000 -LEADER
fixed length control field 00349nam a2200145Ia 4500
008 - FIXED-LENGTH DATA ELEMENTS--GENERAL INFORMATION
fixed length control field 230312s9999||||xx |||||||||||||| ||und||
020 ## - INTERNATIONAL STANDARD BOOK NUMBER
International Standard Book Number 0-12560990-6
082 ## - DEWEY DECIMAL CLASSIFICATION NUMBER
Classification number 621.392
Item number POL-A
100 ## - MAIN ENTRY--PERSONAL NAME
Personal name Pollock;DSG
245 #2 - TITLE STATEMENT
Title A Handbook of time-series analysis
260 ## - PUBLICATION, DISTRIBUTION, ETC.
Place of publication, distribution, etc. UK
Date of publication, distribution, etc. 1999
300 ## - PHYSICAL DESCRIPTION
Extent 733
650 ## - SUBJECT ADDED ENTRY--TOPICAL TERM
Topical term or geographic name entry element Engineering
Form subdivision Avionics
942 ## - ADDED ENTRY ELEMENTS (KOHA)
Koha item type BOOK
Holdings
Withdrawn status Lost status Source of classification or shelving scheme Damaged status Not for loan Home library Current library Date acquired Total Checkouts Full call number Barcode Date last seen Price effective from Koha item type
    Dewey Decimal Classification     Superior Information Resource Center (SIRC) Superior University- Central Library Superior Information Resource Center (SIRC) Superior University- Central Library 03/13/2023   621.392 POL-A 12550 03/13/2023 03/13/2023 BOOK

Powered by Koha